|
|
|
|
| LEADER |
00000nab#a22000007a#4500 |
| 001 |
arbauad027867 |
| 003 |
AR-BaUAD |
| 005 |
20250711112258.0 |
| 008 |
970801|||||||||###||||||b###|0###a|spa|| |
| 040 |
|
|
|a AR-BaUAD
|c AR-BaUAD
|b spa
|
| 100 |
|
|
|a Capetillo, Birgitta
|
| 245 |
|
|
|a Danimarca /
|c Birgitta Capetillo;
|
| 300 |
0 |
|
|b fot.
|
| 653 |
|
|
|a DINAMARCA
|
| 653 |
|
|
|a THYGESEN, RUD
|
| 653 |
|
|
|a VOGTHERR, BURKHARD
|
| 653 |
|
|
|a PELIKAN DESIGN
|
| 653 |
|
|
|a PANTON, VERNER
|
| 653 |
|
|
|a BANG & OLUFSEN
|
| 653 |
|
|
|a HERMANSEN, ANDERS
|
| 653 |
|
|
|a DITZEL, NANNA
|
| 653 |
|
|
|a TOOLS DESIGN
|
| 653 |
|
|
|a KJAER, ANJA
|
| 653 |
|
|
|a BUKOVNIK, GARY
|
| 653 |
|
|
|a MUEBLES
|
| 653 |
|
|
|a SILLONES
|
| 653 |
|
|
|a SILLAS
|
| 653 |
|
|
|a BANQUETAS
|
| 653 |
|
|
|a TABURETES
|
| 653 |
|
|
|a BIOMBOS
|
| 653 |
|
|
|a FLOREROS
|
| 653 |
|
|
|a ARTEFACTOS
|
| 653 |
|
|
|a ELECTRODOMESTICOS
|
| 653 |
|
|
|a EQUIPOS
|
| 653 |
|
|
|a AUDIO
|
| 653 |
|
|
|a VIVIENDAS UNIFAMILIARES
|
| 653 |
|
|
|a DISEÑO DE INTERIORES
|
| 653 |
|
|
|a DISEÑO INDUSTRIAL
|
| 773 |
0 |
|
|t INTERNI
|g no. 462 [jul.-ago. 1996], p. 100-103
|
| 942 |
|
|
|c ARTI
|
| 952 |
|
|
|0 0
|1 0
|4 0
|7 0
|9 72786
|a AR-BAuAD
|b AR-BAuAD
|d 2025-07-11
|l 0
|p AAQA027867
|r 2025-07-11 11:22:58
|w 2025-07-11
|y ARTI
|
| 990 |
|
|
|a DI199
|b TD
|
| 998 |
|
|
|a AAQ
|b BIBUN76
|
| 999 |
|
|
|c 52459
|d 52459
|